La corsa del topo /

Guardat en:
Dades bibliogràfiques
Autor principal: Gardini, Gianluca (Autor)
Format: Llibre
Idioma:italià
Publicat: Bologna : Pendragon, [2004]
Etiquetes: Afegir etiqueta
Sense etiquetes, Sigues el primer a etiquetar aquest registre!

MARC

LEADER 00000nam a22000007i 4500
001 IT\ICCU\UBO\2418833
003 ItRI
005 20260115231941.0
008 040419s2004 it |||||| ||||| |||||c
020 |a 8883422562 
040 |b ita  |c importazione bologna sebina 
041 7 |a ita  |2 ISO-639-2 
100 1 |a Gardini, Gianluca  |0 IT\ICCU\PUVV\159723  |4 aut 
245 1 3 |a La corsa del topo /  |c Gianluca Gardini. 
260 |a Bologna :  |b Pendragon,  |c [2004] 
300 |a 215 p. ;  |c 21 cm. 
942 |2 ddc  |c BK  |n 0 
952 |0 0  |1 0  |4 0  |6 DOC_853_920000000000000_GAR  |7 0  |9 17657  |a BO  |b BO  |d 2026-01-15  |i 10330  |l 0  |o DOC 853.92 GAR  |p BO10330  |r 2026-01-15 23:19:41  |w 2026-01-15  |x [Sebina 5] [1 v.]  |y BK  |z 1 v. 
999 |c 15038  |d 15038